LEADER 03370nam 2200649 450 001 9910797885703321 005 20231013183115.0 010 $a0-691-65209-0 010 $a1-4008-7716-4 024 7 $a10.1515/9781400877164 035 $a(CKB)3710000000497542 035 $a(EBL)4071297 035 $a(OCoLC)966771280 035 $a(MdBmJHUP)muse49918 035 $a(DE-B1597)468355 035 $a(OCoLC)1013966865 035 $a(OCoLC)957504536 035 $a(DE-B1597)9781400877164 035 $a(Au-PeEL)EBL4071297 035 $a(CaPaEBR)ebr11200293 035 $a(CaONFJC)MIL846548 035 $a(OCoLC)947725810 035 $a(MiAaPQ)EBC4071297 035 $a(EXLCZ)993710000000497542 100 $a20160429h19611961 uy 0 101 0 $aeng 135 $aurnnu---|u||u 181 $2rdacontent 182 $2rdamedia 183 $2rdacarrier 200 10$aDeterrence and defense $etoward a theory of national security /$fGlenn H. Snyder 210 1$aPrinceton, N.J. :$cPrinceton University Press,$d1961. 210 4$dİ1961 215 $a1 online resource (ix, 294 pages) 225 1 $aPrinceton Legacy Library 300 $aIncludes index. 311 0 $a0-691-62568-9 311 0 $a0-691-06904-2 320 $aBibliographical footnotes. 327 $tFront matter --$tPreface --$tContents --$t1. Deterrence and Defense: A Theoretical Introduction --$t2. Deterrence and Defense with Strategic Nuclear Power --$t3. Deterrence and Defense in Western Europe --$t4. Deterrence and Defense in the "Grey Areas" --$t5. Declaratory Policy and Force Demonstrations --$t6. The Reconciliation of Deterrence and Defense --$tIndex 330 $aIn the literature of diplomacy and military strategy, there has long been a gulf between the concepts of deterrence and defense. Glenn Snyder bridges this gulf, offering a systematic analysis of the two ideas, with the aim of integrating them in a framework of theory. He proposes criteria for making rational decisions in national security policy and deals with the critical issue of the balance between deterrence of, and defense against, military attacks. The author augments the scattered literature on the subject with original contributions on this increasingly important facet of international relations. Originally published in 1961.The Princeton Legacy Library uses the latest print-on-demand technology to again make available previously out-of-print books from the distinguished backlist of Princeton University Press. These editions preserve the original texts of these important books while presenting them in durable paperback and hardcover editions. The goal of the Princeton Legacy Library is to vastly increase access to the rich scholarly heritage found in the thousands of books published by Princeton University Press since its founding in 1905. 410 0$aPrinceton legacy library. 606 $aMilitary policy 606 $aDeterrence (Strategy) 606 $aNuclear warfare 615 0$aMilitary policy. 615 0$aDeterrence (Strategy) 615 0$aNuclear warfare. 676 $a355 700 $aSnyder$b Glenn H$g(Glenn Herald),$f1924-2013,$0504789 801 0$bMiAaPQ 801 1$bMiAaPQ 801 2$bMiAaPQ 906 $aBOOK 912 $a9910797885703321 996 $aDeterrence and defense$93698929 997 $aUNINA